Religion Quiz

Random Religion or Bible Quiz

Exodus Chapter Picker Quiz Stats

Quiz not verified by Sporcle

Challenge
Share
Tweet
Embed
Score 0/40 Timer 06:00
0 Plays Today
% Correct
1
69.6%
2
63.8%
3
63.8%
5
59.4%
4
56.5%
7
55.1%
6
52.2%
8
52.2%
12
50.7%
32
50.7%
9
49.3%
15
49.3%
16
49.3%
19
49.3%
10
47.8%
14
47.8%
17
47.8%
18
47.8%
31
47.8%
11
46.4%
% Correct
13
46.4%
20
46.4%
26
44.9%
39
44.9%
22
43.5%
33
43.5%
34
43.5%
21
42%
23
42%
37
40.6%
24
37.7%
28
37.7%
36
37.7%
29
36.2%
40
36.2%
27
34.8%
38
31.9%
30
30.4%
35
30.4%
25
26.1%

You're not logged in!

Compare scores with friends on all Sporcle quizzes.
Join for Free
OR
Log In

You Might Also Like...

Show Comments

Extras

Created Dec 4, 2014ReportNominate
Tags:Bible Quiz, Exodus Biblical

Top Quizzes Today


Score Distribution

Your Account Isn't Verified!

In order to create a playlist on Sporcle, you need to verify the email address you used during registration. Go to your Sporcle Settings to finish the process.

Report this User

Report this user for behavior that violates our Community Guidelines.

Details: